000
00331pam a2200157a 44500
008
230515b1966 xxu||||| |||| 00| 0 eng d
020
_a
NULL
041
_a
ENGLISH
082
_a
630
100
_a
3570-1965
245
_a
NOMENCLATURE OF FRUITS
250
_a
0
260
_a
DELHI
_b
ISI
_c
1966
300
_a
34
650
_a
NULL
999
_c
651837
_d
651837